Plan Estratégico Nacional (PEN) para la Prevención y el Control de la ITS, VIH y SIDA 2015-2018 (PEN 2015-2018). Resumen Ejecutivo (Record no. 8065)

MARC details
000 -LEADER
campo de control de longitud fija 00519nam a2200133Ia 4500
001 - NÚMERO DE CONTROL
campo de control 4011
008 - DATOS DE LONGITUD FIJA--INFORMACIÓN GENERAL
campo de control de longitud fija 241024s9999 xx 000 0 und d
082 ## - NÚMERO DE LA CLASIFICACIÓN DECIMAL DEWEY
Número de clasificación RD/616.9792/R426p/P2015-2018
100 ## - ENTRADA PRINCIPAL--NOMBRE DE PERSONA
Nombre de persona República Dominicana. Ministerio de Salud Pública. Consejo Nacional pra el VIH y el SIDA
245 #0 - MENCIÓN DEL TÍTULO
Título Plan Estratégico Nacional (PEN) para la Prevención y el Control de la ITS, VIH y SIDA 2015-2018 (PEN 2015-2018). Resumen Ejecutivo
260 ## - PUBLICACIÓN, DISTRIBUCIÓN, ETC.
Nombre del editor, distribuidor, etc. Santo Domingo
Fecha de publicación, distribución, etc. 2015
901 ## - ELEMENTOS DE DATOS A LOCAL LDA (RLIN)
a 6/8/2015 2:56:06 a.m.

No items available.

© 2024. Todos los Derechos Reservados. Desarrollado por IDEICE